Tous les adversaires de Brest en ligue 1 au XXIeme siècle - Statistiques

Statistiques générales
  • Ce quiz a été pris 68 fois
  • Le résultat moyen est 25 sur 33
Statistiques - réponses
Réponse % Correct
Marseille
95%
Paris saint germain
95%
Lyon
92%
Bordeaux
89%
Lille
89%
Nice
89%
Rennes
89%
Lens
88%
Monaco
88%
Nantes
88%
Toulouse
88%
Strasbourg
86%
Lorient
84%
Saint-Étienne
84%
Angers
83%
Montpellier
83%
Metz
78%
Reims
78%
Ajaccio
77%
Amiens
75%
Le havre
75%
Auxerre
73%
Bastia
70%
Caen
67%
Clermont
66%
Dijon
66%
Nimes
66%
Troyes
66%
Nancy
63%
Valenciennes
59%
Sochaux
55%
Evian
50%
Arles-Avignon
36%
Aucun quiz correspondant
Distribution des résultats
% des personnes avec chaque résultat
Percentile par nombre de réponses
Votre historique - résultats
Vous n’avez pas pris ce quiz